| 000 | 01016nam a2200301Ia 4500 | ||
|---|---|---|---|
| 003 | OSt | ||
| 005 | 20221007121101.0 | ||
| 006 | a|||||r|||| 00| 0 | ||
| 007 | ta | ||
| 008 | 221006b |||||||| |||| 00| 0 eng d | ||
| 020 | _a9780470686485 (hbd) | ||
| 024 | _a117754 | ||
| 037 |
_b254, 10/12/2010, N R Book Distributors _cTextbook |
||
| 040 |
_aBDL _cBDL _beng |
||
| 041 |
_2eng _aeng |
||
| 082 | _aI,11:6, Q0 Carb | ||
| 100 |
_aDavey Michael R Ed. _9458064 |
||
| 245 | 0 |
_aPlant cell culture:essential methods _b Anthony Paul Ed. |
|
| 260 |
_aChichester _bWiley-Blackwell _c2010 |
||
| 300 |
_axvi, 341p. _ccm. |
||
| 500 | _aIncludes bibliographical references.; Index 333-341p. | ||
| 650 |
_a Plant cell culture _9710617 |
||
| 650 | _a Plant tissue culture | ||
| 650 | _aBotany | ||
| 700 |
_a Anthony Paul Ed. _9710618 |
||
| 942 |
_hI,11:6, Q0 Carb _cTB _2CC |
||
| 999 |
_c1208418 _d1208418 |
||